Business law including company law / (Record no. 102407)

MARC details
000 -LEADER
fixed length control field 00793nam a22002177a 4500
005 - DATE AND TIME OF LATEST TRANSACTION
control field 20181218111359.0
010 ## - LCCN (DPL NO)
LC control number 1617EN
020 ## - INTERNATIONAL STANDARD BOOK NUMBER
Terms of availability 499.00
International Standard Book Number 9789386070807
035 ## - SYSTEM CONTROL NUMBER
System control number B-650323-332
037 ## - SOURCE OF ACQUISITION
Source of stock number/acquisition BSB
Stock number dpl
082 ## - DEWEY DECIMAL CLASSIFICATION NUMBER
Classification number 346.07
100 ## - MAIN ENTRY--PERSONAL NAME
Personal name Gulshan, S.S.
245 ## - TITLE STATEMENT
Title Business law including company law /
Statement of responsibility, etc by S.S.Gulshan [and] G.K. Kapoor
250 ## - EDITION STATEMENT
Edition statement 18th ed
260 ## - PUBLICATION, DISTRIBUTION, ETC. (IMPRINT)
Place of publication, distribution, etc Kolkata
Name of publisher, distributor, etc New Age International
Date of publication, distribution, etc 2017
270 ## - ADDRESS
Address New Age International (P) Ltd ,7/30,Darya ganj
City New Delhi
Postal code 110002
300 ## - PHYSICAL DESCRIPTION
Extent xiv,763p. :
Dimensions 24cm(pbk)
700 ## - ADDED ENTRY--PERSONAL NAME
Personal name Kapoor, G.K.
942 ## - ADDED ENTRY ELEMENTS (KOHA)
Source of classification or shelving scheme Dewey Decimal Classification
Item type English Books
Classification part 346.07
Call number suffix GUL
Holdings
Withdrawn status Lost status Not for loan Collection code Home library Current library Date acquired Source of acquisition Cost, normal purchase price Full call number Barcode Copy number Cost, replacement price Koha item type
      Non-fiction Bagh Kadhe Khan Bagh Kadhe Khan 01/02/2017 BPPD/EN/2016-17/289/24.11.2016/337/2.12.2016/4.1.2017 499.00 346.07 GUL B-650331 1 499.00 English Books
      Non-fiction Bawana Bawana 01/02/2017 BPPD/EN/2016-17/289/24.11.2016/337/2.12.2016/4.1.2017 499.00 346.07 GUL B-650329 1 499.00 English Books
  Lost and Paid For   Non-fiction Central Library Central Library 01/02/2017 BPPD/EN/2016-17/289/24.11.2016/337/2.12.2016/4.1.2017 499.00 346.07 GUL B-650323 1 499.00 English Books
      Non-fiction Janak Puri Janak Puri 01/02/2017 BPPD/EN/2016-17/289/24.11.2016/337/2.12.2016/4.1.2017 499.00 346.07 GUL B-650327 1 499.00 English Books
      Non-fiction Kasturba Gandhi Marg Kasturba Gandhi Marg 01/02/2017 BPPD/EN/2016-17/289/24.11.2016/337/2.12.2016/4.1.2017 499.00 346.07 GUL B-650326 1 499.00 English Books
      Non-fiction New Police Line New Police Line 01/02/2017 BPPD/EN/2016-17/289/24.11.2016/337/2.12.2016/4.1.2017 499.00 346.07 GUL B-650324 1 499.00 English Books
      Non-fiction New Rohtak Road New Rohtak Road 01/02/2017 BPPD/EN/2016-17/289/24.11.2016/337/2.12.2016/4.1.2017 499.00 346.07 GUL B-650330 1 499.00 English Books
      Non-fiction Patel Nagar Patel Nagar 01/02/2017 BPPD/EN/2016-17/289/24.11.2016/337/2.12.2016/4.1.2017 499.00 346.07 GUL B-650325 1 499.00 English Books
      Non-fiction Sarojini Nagar Sarojini Nagar 01/02/2017 BPPD/EN/2016-17/289/24.11.2016/337/2.12.2016/4.1.2017 499.00 346.07 GUL B-650328 1 499.00 English Books
      Non-fiction Shahdara Branch Shahdara Branch 01/02/2017 BPPD/EN/2016-17/289/24.11.2016/337/2.12.2016/4.1.2017 499.00 346.07 GUL B-650332 1 499.00 English Books

© Delhi Public Library
Hit Counter
free hit counter